00476nam a2200145 a 450000100100000000500170001000800410002702000150006804000250008310000240010824500610013226000710019330000210026458600450028500004381620201002045001.0140506s1993 sp 000 j spa d a8488675046 aDO-SdBNPbspacBNPHU1 aMatute, Ana María10aDe ninguna parte y otros relatos. /cAna María Matute. a[España] :bFundación de los ferrocarriles españoles,c1993. a120 p. ;c20 cm. aNarraciones breves "Antonio Machado"817